000 00573nam a22001817a 4500
003 OSt
005 20260410075348.0
008 260410b |||||||| |||| 00| 0 eng d
020 _a9966-46-816-1
040 _cipstc
050 _aHD69
_b.S84 2002
100 _aSagimo,O. Peter
245 _aManagement Dynamics
_bTowards Efficiency, Effectiveness, Competence and Productivity
250 _a1st edition
260 _aWestlands ,Nairobi
_bEast African Educational Publishers Limited
_c2002
504 _aIncludes bibliographical references and index
942 _2lcc
_cBK
_n0
999 _c23687
_d23686